Nghiên cứu thị trường : Chiến lược thực dụng

Sách gồm 8 phần giúp đỡ cho các doanh nghiệp có được cái nhìn cơ bản về ngành nghiên cứu thị trường cũng như giúp họ tạo lập những bước đầu tiên để hoàn thiện công việc kinh doanh.

Enregistré dans:
Détails bibliographiques
Auteur principal: Uyển Minh
Format: Livre
Langue:Undetermined
Publié: Hà Nội Lao động - Xã hội 2008
Sujets:
Tags: Ajouter un tag
Pas de tags, Soyez le premier à ajouter un tag!
Thư viện lưu trữ: Trung tâm Học liệu Trường Đại học Cần Thơ
LEADER 00913nam a2200217Ia 4500
001 CTU_136463
008 210402s9999 xx 000 0 und d
020 |c 45000 
082 |a 658.8 
082 |b U603 
100 |a Uyển Minh 
245 0 |a Nghiên cứu thị trường : 
245 0 |b Chiến lược thực dụng 
245 0 |c Uyển Minh 
260 |a Hà Nội 
260 |b Lao động - Xã hội 
260 |c 2008 
520 |a Sách gồm 8 phần giúp đỡ cho các doanh nghiệp có được cái nhìn cơ bản về ngành nghiên cứu thị trường cũng như giúp họ tạo lập những bước đầu tiên để hoàn thiện công việc kinh doanh. 
650 |a Markets,Marketing,Quản trị thị trường 
904 |i Trọng Hải 
980 |a Trung tâm Học liệu Trường Đại học Cần Thơ